[Event "AUTO-INT-1316"]
[Site "http://www.queenalice.com/game.php?id=629665"]
[Date "2009.8.3"]
[Round "2"]
[White "mizu"]
[Black "maribondo"]
[Result "0-1"]
[WhiteElo "1674"]
[BlackElo "1987"]

1. e4 c6 2. d4 d5 3. Nc3 dxe4 4. Nxe4 Bf5 5. f3 Nf6 6. Nxf6+ exf6 7. Bd3 Bxd3 8.
Qxd3 Be7 9. Be3 Nd7 10. O-O-O Qa5 11. Kb1 O-O 12. h4 Rfd8 13. g4 Nc5 14. Qf5 Rd5
0-1

[Event "AUTO-INT-1316"]
[Site "http://www.queenalice.com/game.php?id=629666"]
[Date "2009.8.3"]
[Round "2"]
[White "maribondo"]
[Black "mizu"]
[Result "1-0"]
[WhiteElo "1882"]
[BlackElo "1703"]

1. e4 e5 2. Nf3 Nc6 3. d4 exd4 4. Nxd4 Ne5 5. f4 Nc6 6. Nc3 d6 7. Bc4 d5 8. Bxd5
Nxd4 9. Qxd4 Nf6 10. Bxf7+ Ke7 11. Qc4 Bg4 12. Be3 b6 13. f5 Qd6 14. h3 Bh5 15.
Bxh5 Nxh5 16. Rd1 Qg3+ 17. Bf2 Qe5 18. Rd5 Qf4 19. Qc6 Rd8 20. Qe6# 1-0

[Event "AUTO-INT-1316"]
[Site "http://www.queenalice.com/game.php?id=629668"]
[Date "2009.8.3"]
[Round "2"]
[White "maribondo"]
[Black "Heike67"]
[Result "0-1"]
[WhiteElo "1917"]
[BlackElo "2294"]

1. Nf3 Nf6 2. d4 d5 3. c4 e6 4. Nc3 Be7 5. Bg5 O-O 6. e3 h6 7. Bh4 Nbd7 8. Rc1
Re8 9. Bd3 dxc4 10. Bxc4 a6 11. O-O b5 12. Bd3 Bb7 13. a3 c5 14. Bg3 Rc8 15. Bb1
cxd4 16. Nxd4 Qb6 17. f3 Bf8 18. Qe1 e5 19. Nb3 a5 20. Bf5 b4 21. axb4 axb4 22.
Ne4 Rxc1 23. Nxc1 Nxe4 24. Bxe4 Bxe4 25. fxe4 Nc5 26. Qf2 Qg6 27. Qf5 Nxe4 28.
Qxg6 fxg6 29. Nd3 Nxg3 30. hxg3 e4 0-1

[Event "AUTO-OPEN-1558"]
[Site "http://www.queenalice.com/game.php?id=637820"]
[Date "2009.8.17"]
[Round "2"]
[White "maribondo"]
[Black "Velasquez"]
[Result "1-0"]
[WhiteElo "1938"]
[BlackElo "1822"]

1. Nf3 d5 2. d4 Nf6 3. c4 c6 4. Nc3 e6 5. e3 Bb4 6. Qb3 Bxc3+ 7. Qxc3 Ne4 8. Qa3
Qe7 9. Qxe7+ Kxe7 10. b3 Rd8 11. Ba3+ Ke8 12. Bd3 Nf6 13. O-O dxc4 14. bxc4 Nbd7
15. Bd6 Nf8 16. Bc7 Rd7 17. Be5 Ke7 18. Rab1 h6 19. c5 g6 20. Bd6+ Ke8 21. Ne5
Rd8 22. Bc7 Rd5 23. Rfc1 N8d7 24. Bc4 Rxe5 25. dxe5 Ng4 26. Be2 Ngxe5 27. f4 1-0

[Event "AUTO-OPEN-1558"]
[Site "http://www.queenalice.com/game.php?id=637821"]
[Date "2009.8.17"]
[Round "2"]
[White "Velasquez"]
[Black "maribondo"]
[Result "0-1"]
[WhiteElo "1800"]
[BlackElo "1949"]

1. d4 c5 2. Nc3 cxd4 3. Qxd4 Nc6 4. Qd1 Nf6 5. e4 e5 6. a3 Be7 7. Bc4 O-O 8. Nf3
d6 9. h3 Nd7 10. Be3 Nb6 11. Ba2 Be6 12. Bxe6 fxe6 13. Qd2 Nc4 14. Qc1 d5 15.
O-O d4 16. Rd1 Qe8 17. b3 dxe3 18. bxc4 exf2+ 19. Kxf2 Qg6 20. Rd7 Bc5+ 21. Kf1
Rxf3+ 22. gxf3 Qg1+ 23. Ke2 Qf2+ 24. Kd1 Be3 25. Rd2 Qf1# 0-1

[Event "Mais um? hehe"]
[Site "http://www.queenalice.com/game.php?id=657411"]
[Date "2009.9.24"]
[Round "-"]
[White "bobifixer"]
[Black "maribondo"]
[Result "1-0"]
[WhiteElo "1802"]
[BlackElo "1848"]

1. d4 e6 2. Nf3 d5 3. g3 Nf6 4. Bg2 Nc6 5. Bg5 Be7 6. Nbd2 O-O 7. O-O b6 8. c3
h6 9. Bxf6 Bxf6 10. e4 Ba6 11. Re1 dxe4 12. Nxe4 Be7 13. Qc2 Qd7 14. Rad1 Rad8
15. Ne5 Nxe5 16. dxe5 Bd3 17. Qb3 a5 18. a4 Qc8 19. Nd2 Qa6 20. Bf1 Bxf1 21.
Nxf1 Rxd1 22. Rxd1 Rd8 23. Rxd8+ Bxd8 24. Qd1 Qc8 25. Ne3 Be7 26. Qd3 Qd8 27.
Qxd8+ Bxd8 28. Nc2 Kf8 29. Nd4 Ke8 30. Kf1 Kd7 31. Ke2 Be7 32. g4 Bg5 33. b3 1-0

[Event "AUTO-OPEN-1559"]
[Site "http://www.queenalice.com/game.php?id=685578"]
[Date "2009.11.19"]
[Round "2"]
[White "rsgaspar"]
[Black "maribondo"]
[Result "1-0"]
[WhiteElo "1923"]
[BlackElo "1914"]

1. e4 e5 2. Nf3 Nc6 3. Bb5 a6 4. Ba4 Nf6 5. d3 b5 6. Bb3 Be7 7. O-O O-O 8. c3 d6
9. h3 Na5 10. Nbd2 Bb7 11. Bc2 c5 12. Re1 Qc7 13. Nf1 1-0

[Event "AUTO-OPEN-1559"]
[Site "http://www.queenalice.com/game.php?id=685579"]
[Date "2009.11.19"]
[Round "2"]
[White "maribondo"]
[Black "rsgaspar"]
[Result "0-1"]
[WhiteElo "1898"]
[BlackElo "1939"]

1. d4 d5 2. c4 e6 3. Nc3 c6 4. Nf3 Nf6 5. Bg5 Nbd7 6. e3 Be7 7. Rc1 O-O 8. Bd3
h6 9. Bxf6 Nxf6 10. O-O dxc4 11. Bxc4 b5 12. Bd3 Nd7 13. Bb1 Bb7 0-1

[Event "AUTO-OPEN-1559"]
[Site "http://www.queenalice.com/game.php?id=685584"]
[Date "2009.11.19"]
[Round "2"]
[White "maribondo"]
[Black "PapaChess"]
[Result "0-1"]
[WhiteElo "1932"]
[BlackElo "2153"]

1. e4 c6 2. d4 d5 3. Nd2 dxe4 4. Nxe4 Bf5 5. Ng3 Bg6 6. Nf3 h6 7. h4 Nf6 8. h5
Bh7 9. Bd3 Nbd7 10. Bf4 e6 11. Bxh7 Nxh7 12. O-O Be7 0-1

[Event "AUTO-OPEN-1559"]
[Site "http://www.queenalice.com/game.php?id=685585"]
[Date "2009.11.19"]
[Round "2"]
[White "PapaChess"]
[Black "maribondo"]
[Result "1-0"]
[WhiteElo "2158"]
[BlackElo "1925"]

1. e4 c5 2. Nf3 d6 3. c3 Nf6 4. d3 Nc6 5. Be2 Bg4 6. h3 Bxf3 7. Bxf3 e5 8. Nd2
Be7 9. Qb3 Qc7 10. Nf1 O-O 11. Ne3 g6 12. O-O 1-0

[Event "AUTO-OPEN-1562"]
[Site "http://www.queenalice.com/game.php?id=691790"]
[Date "2009.12.2"]
[Round "2"]
[White "maribondo"]
[Black "Zaubernuss"]
[Result "0-1"]
[WhiteElo "1918"]
[BlackElo "2379"]

1. d4 Nf6 2. c4 g6 3. Nc3 Bg7 4. f3 d6 5. Bf4 O-O 6. Qd2 Nc6 7. O-O-O Nd7 8. Bh6
Bxd4 9. Bxf8 Nxf8 10. e4 Bg7 11. h4 a5 12. h5 a4 13. hxg6 hxg6 14. Nb5 Ne6 15.
Ne2 Na5 16. Na3 Bd7 17. g3 Ra6 18. Nc3 c6 0-1

[Event "AUTO-OPEN-1562"]
[Site "http://www.queenalice.com/game.php?id=691791"]
[Date "2009.12.2"]
[Round "2"]
[White "Zaubernuss"]
[Black "maribondo"]
[Result "1-0"]
[WhiteElo "2380"]
[BlackElo "1916"]

1. c4 Nf6 2. Nc3 e5 3. Nf3 Nc6 4. e4 Bc5 5. Nxe5 Nxe5 6. d4 Bb4 7. dxe5 Nxe4 8.
Qd4 f5 9. exf6 Nxf6 10. c5 Qe7+ 11. Be3 Bxc3+ 12. bxc3 O-O 13. Bc4+ Kh8 14. O-O
Qe4 15. Rfe1 Qc6 16. Bg5 b6 17. Bxf6 Qxf6 18. Qxf6 gxf6 19. c6 dxc6 20. Re7 Bf5
21. Rae1 1-0

[Event "AUTO-MASTER-855"]
[Site "http://www.queenalice.com/game.php?id=705533"]
[Date "2009.12.29"]
[Round "2"]
[White "maribondo"]
[Black "Canaye"]
[Result "0-1"]
[WhiteElo "1965"]
[BlackElo "1941"]

1. d4 e6 2. e4 d5 3. Nc3 dxe4 4. Nxe4 Nd7 5. Nf3 Ngf6 6. Ng3 c5 7. c3 cxd4 8.
Nxd4 Bc5 9. Be3 O-O 10. Bd3 Qb6 0-1

[Event "AUTO-MASTER-855"]
[Site "http://www.queenalice.com/game.php?id=705538"]
[Date "2009.12.29"]
[Round "2"]
[White "maribondo"]
[Black "mowliid12"]
[Result "0-1"]
[WhiteElo "1830"]
[BlackElo "1763"]

1. e4 c5 2. Nf3 d6 3. d4 cxd4 4. Nxd4 Nf6 5. Nc3 a6 6. Bg5 e6 7. Be2 Be7 8. f3
O-O 9. Qd2 Nc6 10. Nxc6 bxc6 11. O-O-O Rb8 12. a3 Qb6 13. Na4 Qb7 14. Kb1 Bd7
0-1

[Event "AUTO-MASTER-855"]
[Site "http://www.queenalice.com/game.php?id=705539"]
[Date "2009.12.29"]
[Round "2"]
[White "mowliid12"]
[Black "maribondo"]
[Result "1-0"]
[WhiteElo "1782"]
[BlackElo "1811"]

1. d4 Nf6 2. Nf3 e6 3. c4 d5 4. e3 c6 5. Bd3 dxc4 6. Bxc4 Bd6 7. Nc3 O-O 8. O-O
c5 9. h3 Bd7 10. a3 Qc7 11. Bd3 a6 12. Bd2 c4 13. Bc2 Nc6 14. e4 1-0

[Event "AUTO-MASTER-855"]
[Site "http://www.queenalice.com/game.php?id=705540"]
[Date "2009.12.29"]
[Round "2"]
[White "maribondo"]
[Black "killtochess"]
[Result "0-1"]
[WhiteElo "1867"]
[BlackElo "2021"]

1. c4 c5 2. Nf3 Nc6 3. g3 Nf6 4. Bg2 g6 5. O-O Bg7 6. Nc3 O-O 7. d3 e5 8. Bg5 d6
9. a3 h6 10. Bxf6 Bxf6 11. Qd2 Bg7 12. Rac1 Bg4 13. Nd5 Qd7 14. e4 f5 15. Nh4
Bh5 16. Bh3 Nd4 17. f3 Kh8 18. Rce1 b5 19. cxb5 Qxb5 0-1

[Event "AUTO-MASTER-855"]
[Site "http://www.queenalice.com/game.php?id=705541"]
[Date "2009.12.29"]
[Round "2"]
[White "killtochess"]
[Black "maribondo"]
[Result "1-0"]
[WhiteElo "2031"]
[BlackElo "1857"]

1. g3 Nf6 2. Bg2 d5 3. d3 Bg4 4. Nf3 c6 5. O-O e6 6. b3 Be7 7. Bb2 O-O 8. Ne5
Nbd7 9. Nxg4 Nxg4 10. e4 f5 11. h3 Ngf6 12. e5 Ne8 13. c4 dxc4 14. dxc4 Qc7 15.
f4 Rd8 16. Qe2 Nc5 17. Rd1 Rxd1+ 18. Qxd1 Qb6 19. Kh2 1-0